00289cam a22001097a 4500008004000000082001200040100002000052245005900072260002600131300001000157650001200167180718b1997 xxu||||| |||| 00| 0 eng d aA3 C361 aChandra, Vikram aLove and longing in Bombay: storiescby Vikram Chandra aLondonbPenguinc1997 a268p. aFiction